Python Made Simple (Record no. 13002)

MARC details
000 -LEADER
fixed length control field 00382nam a2200169 4500
003 - CONTROL NUMBER IDENTIFIER
control field OSt
008 - FIXED-LENGTH DATA ELEMENTS--GENERAL INFORMATION
fixed length control field 250122b |||||||| |||| 00| 0 eng d
020 ## - INTERNATIONAL STANDARD BOOK NUMBER
International Standard Book Number 9789388511025
082 ## - DEWEY DECIMAL CLASSIFICATION NUMBER
Classification number 005.133 BEP
100 ## - MAIN ENTRY--PERSONAL NAME
Personal name BERI, Rydhm
245 ## - TITLE STATEMENT
Title Python Made Simple
250 ## - EDITION STATEMENT
Edition statement 1st
260 ## - PUBLICATION, DISTRIBUTION, ETC. (IMPRINT)
Name of publisher, distributor, etc BPB Publication
Date of publication, distribution, etc 2024
300 ## - PHYSICAL DESCRIPTION
Extent 346
650 ## - SUBJECT ADDED ENTRY--TOPICAL TERM
Topical term or geographic name as entry element Python Made Simple
942 ## - ADDED ENTRY ELEMENTS (KOHA)
Source of classification or shelving scheme Dewey Decimal Classification
Koha item type Text Books
Holdings
Withdrawn status Lost status Source of classification or shelving scheme Damaged status Not for loan Collection code Home library Current library Date acquired Source of acquisition Currency Cost, normal purchase price Bill Number Total Checkouts Full call number Acc. no. / Barcode Date last seen Actual Cost, discounted price Bill Date Koha item type Public note Checked out Date last borrowed
    Dewey Decimal Classification     B.Tech(CSE) PIET C-LIBRARY PIET C-LIBRARY 24/09/2024 Shop Your Books INR 699.00 IN 4   005.133 BEP 38558 22/01/2025 532.00 24/09/2024 Reference Books Decentralization    
    Dewey Decimal Classification     Computer Science and Engineering in AI & Data Science PIET C-LIBRARY PIET C-LIBRARY 20/08/2024 Shop Your Books INR 699.00 IN3 4 005.133 BEP 38569 11/02/2026 531.00 20/08/2024 Text Books Decentralization 31/08/2026 11/02/2026
    Dewey Decimal Classification     Computer Science and Engineering in AI & Data Science PIET C-LIBRARY PIET C-LIBRARY 20/08/2024 Shop Your Books INR 699.00 IN3 3 005.133 BEP 38570 24/01/2026 531.00 20/08/2024 Text Books Decentralization   23/01/2026
    Dewey Decimal Classification     BCA PIET C-LIBRARY PIET C-LIBRARY 11/04/2025 Zaffa Books INR 699.00 ZBD0028 2 005.133 BEP BC2711 17/03/2026 510.27 11/04/2025 Text Books     06/03/2026
    Dewey Decimal Classification     BCA PIET C-LIBRARY PIET C-LIBRARY 11/04/2025 Zaffa Books INR 699.00 ZBD0028 4 005.133 BEP BC2712 05/06/2026 510.27 11/04/2025 Text Books     21/05/2026
    Dewey Decimal Classification     BCA PIET C-LIBRARY PIET C-LIBRARY 11/04/2025 Zaffa Books INR 699.00 ZBD0028 1 005.133 BEP BC2713 13/05/2025 510.27 11/04/2025 Text Books     05/05/2025
    Dewey Decimal Classification     BCA PIET C-LIBRARY PIET C-LIBRARY 11/04/2025 Zaffa Books INR 699.00 ZBD0028 2 005.133 BEP BC2714 03/03/2026 510.27 11/04/2025 Text Books   21/09/2026 03/03/2026
    Dewey Decimal Classification     BCA PIET C-LIBRARY PIET C-LIBRARY 11/04/2025 Zaffa Books INR 699.00 ZBD0028 3 005.133 BEP BC2715 17/03/2026 510.27 11/04/2025 Text Books     06/03/2026

Design & Developed by: PIET Central Library
R70 Miles Stone Pattikalyana Samalkha Panipat 132102
mail ID :- [email protected], Phone No:- 0180-2569700 Ex.216